Regional open space, parks, and recreation plan /

Bibliographic Details
Corporate Authors: Southern Rio Grande Council of Governments, New Mexico. State Planning Office
Other Authors: Growcock, L. A.
Format: Book
Language:English
Published: [Las Cruces, N.M.] : The Council, 1973.
Subjects:

MARC

Tag First Indicator Second Indicator Subfields
LEADER 00000cam a2200000 a 4500
001 in00000097050
005 20150924084931.0
008 780309s1973 nmub 00010 engm
010 |a  77379442  
035 |a (OCoLC)03849275 
035 |9 AAK8922AM 
040 |a DLC  |c DLC  |d TXA  |d UtOrBLW 
043 |a n-us-nm 
049 |a TXAM  |c [1633519] 
050 0 0 |a GV191.42 N6  |b  S68 1973 
082 0 |a 333.7/8/097896 
110 2 |a Southern Rio Grande Council of Governments. 
245 1 0 |a Regional open space, parks, and recreation plan /  |c prepared by SRG/COG staff, project director, L. A. Growcock ; reviewed by State Planning Office ; approved by SRG/COG Executive Board. 
264 1 |a [Las Cruces, N.M.] :  |b The Council,  |c 1973. 
300 |a 104 pages :  |b maps ;  |c 29 cm. 
336 |a text  |b txt  |2 rdacontent 
337 |a unmediated  |b n  |2 rdamedia 
338 |a volume  |b nc  |2 rdacarrier 
500 |a "Prepared in cooperation with New Mexico Planning Office." 
650 0 |a Outdoor recreation  |z New Mexico  |z Rio Grande Valley (Colo.-Mexico and Tex.) 
650 0 |a Recreational surveys  |z New Mexico  |z Rio Grande Valley (Colo.-Mexico and Tex.) 
700 1 |a Growcock, L. A. 
710 1 |a New Mexico.  |b State Planning Office. 
999 |a MARS 
999 f f |s 5a1632fc-7f87-3413-bac4-7124907a6be7  |i 3bc94742-f82e-3d6f-8c85-5dd8684f30c1  |t 0 
952 f f |p ric  |a Texas A&M University  |b Rellis Campus  |c Joint Library Facility  |d Remote Storage  |t 0  |e GV191.42 N6 S68 1973  |h Library of Congress classification  |i unmediated -- volume  |m A14806040623 
998 f f |a GV191.42 N6 S68 1973  |t 0  |l Remote Storage